A világ útvesztője és a szív paradicsoma
Elmentve itt :
| Szerző: | |
|---|---|
| Adatforrás: | Philobibl |
| Dokumentumtípus: | Könyv |
| Nyelv: | magyar |
| Megjelent: |
Bp.
Biblia Iskolák Közössége
1994
|
| Sorozat: | Oltalom Könyvek
|
| LEADER | 00377nam a2200133 c 4500 | ||
|---|---|---|---|
| 001 | bibDOK00000097 | ||
| 005 | 20200924115637.5 | ||
| 008 | 060518s1994 hu hun | ||
| 100 | 1 | |a Comenius | |
| 245 | 1 | 2 | |a A világ útvesztője és a szív paradicsoma |c Comenius |
| 260 | |a Bp. |b Biblia Iskolák Közössége |c 1994 | ||
| 300 | |a 225 p. | ||
| 490 | 1 | |a Oltalom Könyvek | |
| 830 | 0 | |a Oltalom Könyvek | |